1787 1592 1776 1487 1405 1198 1717 1425 1352 1388 1889 1983 1297 1576 1435 1284 1272 1405 1275 1145 1175 1603 1254 1532 1626 1149 1836 1624 1886 1899 1955 1542 1059 1275 1839 1014 1764 1906 1645 1624 1356 1785 1907 1325 1610 1112 1406 1792 1601 1800 1487 1454 1432 1268 1797 1347 1667 1345 1541 1365 1894 1715 1131 1766 1574 1173 1380 1312 1987 1888 1473 1936 1367 1713 1951 1058 1556 1143 1280 1420 1474 1916 1220 1666 1808 1990 1789 1421 1206 1063 1212 1000 1896 1456 1052 1030 1470 1380 1173 BCNSPRNW ULIB Ver.6.0+V

เปลี่ยนเป็นภาษาไทย

Change to English
 แสดงรายละเอียดบรรณานุกรม
  กลับหน้าหลัก

Brief Record : Get Marc (ISO 2709) : E-mail record : QR code < ปิดหน้าต่าง
LEADER : 00000nam 2200000uu 4500
001    13399108106
003     ULIB
008    110217s2551||||th 000 0 tha d
020    9749300351
060 04 QU160^bม767ม 2551
245 00 คู่มือฉลาดใช้วิตามิน แร่ธาตุ และสมุนไพร = ^bReader sDigest guide to vitamins, minerals and supplements /^cบรรณาธิการ, เมวิตา วงศ์วิเชียรชัย ; คณะผู้แปล: กิจจา ฤดีขจร ... [และคนอื่นๆ]]
246 31 Reader s Digest guide to vitamins, minerals andsupplements
250    พิมพ์ครั้งที่ 3
260    กรุงเทพฯ :^bรีดเดอร์ส ไดเจสท์,^c2551
300    423 หน้า :^bภาพประกอบสี ;^c27 ซม.
650  7 ผลิตภัณฑ์เสริมอาหาร
650  7 วิตามิน
650  7 วิตามินในโภชนาการมนุษย์
650  7 สมุนไพร
650  7 สารอาหาร^vรวมเรื่อง
700 0  เมวิตา วงศ์วิเชียรชัย,^eบรรณาธิการ
700 0  กิจจา ฤดีขจร,^eผู้แปล
710 2  รีดเดอร์ส ไดเจสท์ (ประเทศไทย)
945    ^p1890^l0^i027526
995    ทศพร
999 ^a ใช้งานได้ทุกระบบ
รายการนี้ยังไม่มีแท็ก
คุณยังไม่ได้ล็อกอิน คุณสามารถมีกิจกรรมร่วมกับเว็บไซต์ได้ แต่ต้องล็อกอินก่อน ::
  ล็อกอิน

รายการสื่อสารสนเทศ

ลำดับที่ ประเภท เลขเรียก/บาร์โค้ด สถานที่ สถานะ
- ไม่พบข้อมูล -

รายการใกล้เคียง
    หัวเรื่อง [ผลิตภัณฑ์เสริมอาหาร]
    หัวเรื่อง [วิตามิน]
    หัวเรื่อง [วิตามินในโภชนาการมนุษย์]
    หัวเรื่อง [สมุนไพร]

BibComment


ยังไม่เคยถูกคอมเมนท์

คอมเมนท์ทรัพยากรรายการนี้
  คอมเมนท์: คู่มือฉลาดใช้วิตา..


 Copyright 2026. Bcnsprnw @Library